| 000 | 00330nam a2200121Ia 4500 | ||
|---|---|---|---|
| 008 | 230907s9999||||xx |||||||||||||| ||und|| | ||
| 082 |
_a624.171 _bGOR |
||
| 100 |
_aGordon, J. E. _933742 |
||
| 245 | 0 | _aStructures, or, Why things don't fall down / | |
| 260 |
_aDa Capo Press, _bNew York : _c2003 |
||
| 300 | _a395 p. : | ||
| 942 | _cBK | ||
| 999 |
_c598901 _d598901 |
||